BIBLIOTECA

SENCICO

Diseño e Historia. Invariantes (Registro nro. 751)

Detalles MARC
000 -LEADER
fixed length control field 00520nam a2200229Ia 4500
005 - DATE AND TIME OF LATEST TRANSACTION
control field 20251020182447.0
008 - FIXED-LENGTH DATA ELEMENTS--GENERAL INFORMATION
fixed length control field 200515s9999 xx 000 0 und d
020 ## - INTERNATIONAL STANDARD BOOK NUMBER
International Standard Book Number 84-252-1556-0
082 ## - DEWEY DECIMAL CLASSIFICATION NUMBER
Classification number 608.5:303/B17
100 ## - MAIN ENTRY--PERSONAL NAME
Personal name Baltanás, José
245 #0 - TITLE STATEMENT
Title Diseño e Historia. Invariantes
260 ## - PUBLICATION, DISTRIBUTION, ETC.
Place of publication, distribution, etc. Barcelona
260 ## - PUBLICATION, DISTRIBUTION, ETC.
Name of publisher, distributor, etc. Gustavo Gili
260 ## - PUBLICATION, DISTRIBUTION, ETC.
Date of publication, distribution, etc. 2004
300 ## - PHYSICAL DESCRIPTION
Extent 207
300 ## - PHYSICAL DESCRIPTION
Other physical details il.
500 ## - GENERAL NOTE
General note 1 ejemplar
650 ## - SUBJECT ADDED ENTRY--TOPICAL TERM
Topical term or geographic name entry element DISEÑO
650 ## - SUBJECT ADDED ENTRY--TOPICAL TERM
Topical term or geographic name entry element HISTORIA DEL DISEÑO
942 ## - ADDED ENTRY ELEMENTS (KOHA)
Koha item type Libros
Existencias
Fecha de la última vez que lo usaron Pago total Signatura topográfica completa Código de barras Precio efectivo desde Tipo de documento Estado perdido Estado dañado No es para préstamo Retirado Ubicación permanente Ubicación actual Fecha de adquisición
15/05/2020   608.5:303/B17 Bib-Lima15050751 15/05/2020 Libros         Biblioteca Central Lima Biblioteca Central Lima 15/05/2020